[Event "MP do lat 16 - dziewczeta"]
[Site "Sypniewo"]
[Date "2022.03.24"]
[Round "6.11"]
[White "Zybrant, Sandra"]
[Black "Skolska, Emilia"]
[Result "1/2-1/2"]
[BlackElo "1362"]
[WhiteElo "1269"]
[LiveChessVersion "1.4.8"]

1. d4 {[%clk 1:30:58]} d6 {[%clk 1:30:53]} 2. c4 {[%clk 1:31:23]} Nf6
{[%clk 1:31:06]} 3. Nc3 {[%clk 1:31:48]} g6 {[%clk 1:31:04]} 4. e4
{[%clk 1:32:13]} Bg7 {[%clk 1:29:22]} 5. f4 {[%clk 1:32:38]} O-O {[%clk 1:28:01]}
6. Nf3 {[%clk 1:33:00]} Bg4 {[%clk 1:19:56]} 7. Be3 {[%clk 1:32:45]} Bxf3
{[%clk 1:10:18]} 8. Qxf3 {[%clk 1:32:45]} e5 {[%clk 1:09:38]} 9. fxe5
{[%clk 1:27:12]} dxe5 {[%clk 1:09:58]} 10. d5 {[%clk 1:27:32]} Nfd7
{[%clk 1:04:28]} 11. g4 {[%clk 1:22:59]} Qh4+ {[%clk 0:46:35]} 12. Bf2
{[%clk 1:23:19]} Qf6 {[%clk 0:46:57]} 13. Qe2 {[%clk 1:12:47]} Bh6 14. h4
{[%clk 1:11:31]} Bf4 {[%clk 0:38:26]} 15. g5 {[%clk 1:07:37]} Qe7
{[%clk 0:32:20]} 16. Bh3 {[%clk 1:00:09]} a5 {[%clk 0:29:10]} 17. Bg4
{[%clk 0:55:35]} Na6 {[%clk 0:26:36]} 18. Rd1 {[%clk 0:45:19]} f5
{[%clk 0:18:19]} 19. gxf6 {[%clk 0:43:02]} Nxf6 {[%clk 0:18:47]} 20. Bf3
{[%clk 0:34:06]} Rad8 {[%clk 0:14:37]} 21. h5 {[%clk 0:29:23]} Kg7
{[%clk 0:10:27]} 22. hxg6 {[%clk 0:27:55]} hxg6 {[%clk 0:10:47]} 23. Be3
{[%clk 0:27:18]} Bxe3 {[%clk 0:09:22]} 24. Qxe3 {[%clk 0:27:47]} Rh8
{[%clk 0:09:40]} 25. Ke2 {[%clk 0:27:10]} Qb4 {[%clk 0:09:43]} 26. b3
{[%clk 0:24:41]} Qc5 {[%clk 0:02:39]} 27. Na4 {[%clk 0:18:12]} Qxe3+
{[%clk 0:01:54]} 28. Kxe3 {[%clk 0:18:41]} Nd7 {[%clk 0:01:25]} 29. a3
{[%clk 0:08:42]} Rdf8 {[%clk 0:00:40]} 30. Rxh8 {[%clk 0:07:25]} Rxh8
{[%clk 0:00:48]} 31. d6 {[%clk 0:07:22]} c6 {[%clk 0:00:50]} 32. Bg4
{[%clk 0:06:15]} Nf6 {[%clk 0:01:19]} 33. Be6 {[%clk 0:05:19]} b5
{[%clk 0:00:38]} 34. cxb5 {[%clk 0:02:02]} cxb5 {[%clk 0:01:06]} 35. Nc3
{[%clk 0:01:31]} Nc5 {[%clk 0:01:24]} 36. Bd5 {[%clk 0:01:48]} b4
{[%clk 0:00:48]} 37. axb4 {[%clk 0:01:17]} axb4 {[%clk 0:01:17]} 38. Na4
{[%clk 0:00:50]} Rh3+ {[%clk 0:00:47]} 39. Ke2 {[%clk 0:00:51]} Nxa4 40. bxa4
{[%clk 0:31:13]} b3 {[%clk 0:30:36]} 41. Be6 {[%clk 0:27:52]} Rh8
{[%clk 0:23:13]} 42. Bxb3 {[%clk 0:20:56]} Nxe4 {[%clk 0:23:10]} 43. Ke3
{[%clk 0:20:07]} Nxd6 {[%clk 0:22:33]} 44. Rxd6 {[%clk 0:19:22]} 1/2-1/2

[Event "MP do lat 16 - dziewczeta"]
[Site "Sypniewo"]
[Date "2022.03.24"]
[Round "6.12"]
[White "Kucharska, Helena"]
[Black "Gornisiewicz, Natalia"]
[Result "1-0"]
[BlackElo "1485"]
[WhiteElo "1687"]
[LiveChessVersion "1.4.8"]

1. d4 {[%clk 1:30:56]} Nf6 {[%clk 1:30:34]} 2. c4 {[%clk 1:31:16]} g6
{[%clk 1:30:56]} 3. Nc3 {[%clk 1:31:35]} Bg7 {[%clk 1:31:15]} 4. e4
{[%clk 1:31:51]} d6 {[%clk 1:31:26]} 5. f4 {[%clk 1:30:49]} O-O {[%clk 1:29:29]}
6. Nf3 {[%clk 1:31:00]} c5 {[%clk 1:27:43]} 7. d5 {[%clk 1:29:58]} Bg4
{[%clk 1:26:47]} 8. h3 {[%clk 1:26:16]} Bxf3 {[%clk 1:26:30]} 9. Qxf3
{[%clk 1:26:30]} Nbd7 {[%clk 1:22:29]} 10. Bd3 {[%clk 1:20:55]} a6
{[%clk 1:17:49]} 11. O-O {[%clk 1:17:57]} Qc7 {[%clk 1:11:04]} 12. Bd2
{[%clk 1:15:19]} Kh8 {[%clk 0:55:03]} 13. a4 {[%clk 1:12:20]} a5 {[%clk 0:44:02]}
14. Nb5 {[%clk 1:11:38]} Qd8 {[%clk 0:43:44]} 15. Bc3 {[%clk 1:11:44]} Ne8
{[%clk 0:42:55]} 16. Bxg7+ {[%clk 1:11:07]} Kxg7 {[%clk 0:41:13]} 17. Rae1
{[%clk 1:09:37]} f6 {[%clk 0:38:16]} 18. h4 {[%clk 1:07:15]} Nc7 {[%clk 0:36:20]}
19. Nc3 {[%clk 1:05:05]} e5 {[%clk 0:32:25]} 20. f5 {[%clk 1:01:43]} Rg8
{[%clk 0:27:37]} 21. fxg6 {[%clk 0:59:10]} hxg6 {[%clk 0:27:40]} 22. h5
{[%clk 0:57:51]} Qe8 {[%clk 0:27:15]} 23. Be2 {[%clk 0:51:58]} Kf8
{[%clk 0:23:47]} 24. Qh3 {[%clk 0:47:04]} Ke7 {[%clk 0:20:42]} 25. Bg4
{[%clk 0:41:04]} Rd8 {[%clk 0:19:15]} 26. Rf2 {[%clk 0:37:45]} gxh5
{[%clk 0:15:21]} 27. Bxh5 {[%clk 0:36:11]} Qf8 {[%clk 0:15:33]} 28. Nb5
{[%clk 0:34:15]} Rc8 {[%clk 0:14:18]} 29. Nxc7 {[%clk 0:23:51]} Rxc7
{[%clk 0:14:17]} 30. Qe6+ {[%clk 0:23:54]} Kd8 {[%clk 0:14:32]} 31. Ref1
{[%clk 0:22:21]} Rh8 {[%clk 0:13:04]} 32. Bg4 {[%clk 0:09:58]} Rh6
{[%clk 0:08:44]} 33. Rf3 {[%clk 0:08:49]} b6 {[%clk 0:05:28]} 34. Bh3
{[%clk 0:06:39]} Rg6 {[%clk 0:04:58]} 35. b3 {[%clk 0:05:38]} Ra7
{[%clk 0:04:42]} 36. Kf2 {[%clk 0:04:04]} Qe7 {[%clk 0:02:46]} 37. Ke2
{[%clk 0:02:44]} Qf8 {[%clk 0:02:17]} 38. g4 {[%clk 0:01:49]} Rc7
{[%clk 0:01:19]} 39. Qf5 {[%clk 0:00:48]} Qg7 {[%clk 0:01:11]} 40. Qe6
{[%clk 0:30:44]} Qe7 {[%clk 0:30:39]} 41. R1f2 {[%clk 0:27:12]} Nf8
{[%clk 0:24:56]} 42. Qxe7+ {[%clk 0:22:35]} Kxe7 43. g5 {[%clk 0:22:41]} Nh7
{[%clk 0:19:54]} 44. Bf5 {[%clk 0:22:08]} Rg7 {[%clk 0:20:13]} 45. Bxh7
{[%clk 0:22:11]} Rxh7 {[%clk 0:20:37]} 46. Rxf6 {[%clk 0:22:31]} Rg7
{[%clk 0:20:17]} 47. Re6+ {[%clk 0:21:42]} Kd7 {[%clk 0:20:21]} 48. g6
{[%clk 0:21:43]} Rc8 {[%clk 0:19:33]} 49. Rff6 {[%clk 0:21:58]} Rh8
{[%clk 0:18:58]} 50. Rxd6+ {[%clk 0:22:09]} Kc7 {[%clk 0:19:20]} 51. Rc6+
{[%clk 0:22:26]} Kd7 {[%clk 0:19:25]} 52. Rxb6 {[%clk 0:22:08]} Rhg8
{[%clk 0:19:15]} 53. Rb7+ {[%clk 0:21:10]} Kd8 {[%clk 0:19:40]} 54. Rb8+
{[%clk 0:20:46]} Ke7 {[%clk 0:19:55]} 55. Re6+ {[%clk 0:20:37]} Kd7
{[%clk 0:20:13]} 56. Rb7+ {[%clk 0:20:31]} Kd8 {[%clk 0:20:17]} 57. Rxg7
{[%clk 0:20:37]} Rxg7 {[%clk 0:20:39]} 58. Kf3 {[%clk 0:20:56]} Rg8
{[%clk 0:20:29]} 59. Kg4 {[%clk 0:21:16]} 1-0

[Event "MP do lat 16 - dziewczeta"]
[Site "Sypniewo"]
[Date "2022.03.24"]
[Round "6.13"]
[White "Arciszewska, Zuzanna"]
[Black "Niedorys, Karolina"]
[Result "1-0"]
[BlackElo "1583"]
[WhiteElo "1589"]
[LiveChessVersion "1.4.8"]

1. d4 {[%clk 1:30:58]} Nf6 {[%clk 1:29:16]} 2. c4 {[%clk 1:31:16]} e6
{[%clk 1:28:24]} 3. Nf3 {[%clk 1:30:46]} c5 {[%clk 1:26:02]} 4. d5
{[%clk 1:26:00]} exd5 {[%clk 1:25:08]} 5. cxd5 {[%clk 1:26:17]} d6
{[%clk 1:24:47]} 6. Nc3 {[%clk 1:26:06]} g6 {[%clk 1:21:59]} 7. e4
{[%clk 1:25:20]} Nbd7 {[%clk 1:16:34]} 8. Bf4 {[%clk 1:21:23]} Nh5
{[%clk 1:11:46]} 9. Bd2 {[%clk 1:15:52]} a6 {[%clk 1:08:38]} 10. a4
{[%clk 1:13:47]} Bg7 {[%clk 1:05:14]} 11. Be2 {[%clk 1:12:59]} O-O
{[%clk 1:03:36]} 12. O-O {[%clk 1:11:46]} Re8 {[%clk 1:00:30]} 13. Qc2
{[%clk 1:10:22]} Ne5 {[%clk 0:57:44]} 14. Nxe5 {[%clk 1:06:00]} Bxe5
{[%clk 0:56:44]} 15. Bxh5 {[%clk 0:54:24]} Qh4 {[%clk 0:50:29]} 16. f4
{[%clk 0:52:37]} Bd4+ {[%clk 0:50:28]} 17. Kh1 {[%clk 0:52:33]} Qxh5
{[%clk 0:48:36]} 18. Rae1 {[%clk 0:51:57]} Bg4 {[%clk 0:44:36]} 19. Be3
{[%clk 0:39:15]} Bh8 {[%clk 0:40:54]} 20. Bf2 {[%clk 0:27:36]} f5
{[%clk 0:38:02]} 21. e5 {[%clk 0:25:10]} dxe5 {[%clk 0:37:37]} 22. Qb3
{[%clk 0:24:18]} exf4 {[%clk 0:32:27]} 23. d6+ {[%clk 0:23:04]} Kg7
{[%clk 0:30:28]} 24. Qxb7+ {[%clk 0:21:19]} Kh6 {[%clk 0:30:04]} 25. d7
{[%clk 0:19:45]} f3 {[%clk 0:11:55]} 26. dxe8=Q {[%clk 0:18:30]} fxg2+
{[%clk 0:10:42]} 27. Qxg2 {[%clk 0:18:44]} Rxe8 {[%clk 0:10:45]} 28. Rxe8
{[%clk 0:19:12]} Bh3 {[%clk 0:10:28]} 29. Be3+ {[%clk 0:19:39]} g5
{[%clk 0:10:26]} 30. Re6+ {[%clk 0:20:01]} Kg7 {[%clk 0:10:39]} 31. Qb7+
{[%clk 0:20:30]} Kf8 {[%clk 0:10:29]} 32. Bxc5+ {[%clk 0:20:39]} Kg8
{[%clk 0:10:45]} 33. Qc8+ {[%clk 0:20:49]} Kg7 {[%clk 0:11:01]} 34. Qd7+
{[%clk 0:21:10]} 1-0

[Event "MP do lat 16 - dziewczeta"]
[Site "Sypniewo"]
[Date "2022.03.24"]
[Round "6.14"]
[White "Gaczol, Julia"]
[Black "Uliasz, Katarzyna"]
[Result "0-1"]
[BlackElo "1575"]
[WhiteElo "1462"]
[LiveChessVersion "1.4.8"]

1. e4 {[%clk 1:30:59]} e5 {[%clk 1:30:56]} 2. Nf3 {[%clk 1:31:25]} Nc6
{[%clk 1:31:22]} 3. Bb5 {[%clk 1:31:47]} a6 {[%clk 1:31:35]} 4. Ba4
{[%clk 1:32:12]} d6 {[%clk 1:32:01]} 5. c3 {[%clk 1:29:55]} Bd7 {[%clk 1:31:54]}
6. O-O {[%clk 1:30:01]} g6 {[%clk 1:31:33]} 7. d4 {[%clk 1:24:18]} Bg7
{[%clk 1:31:47]} 8. h3 {[%clk 1:18:00]} Nge7 {[%clk 1:27:26]} 9. dxe5
{[%clk 1:07:23]} dxe5 {[%clk 1:26:37]} 10. Be3 {[%clk 1:04:34]} O-O
{[%clk 1:22:10]} 11. Nbd2 {[%clk 1:01:59]} h6 {[%clk 1:15:47]} 12. a3
{[%clk 0:57:54]} Kh8 {[%clk 1:03:55]} 13. Nh2 {[%clk 0:41:18]} f5
{[%clk 0:50:33]} 14. f4 {[%clk 0:37:52]} Be6 {[%clk 0:43:54]} 15. fxe5
{[%clk 0:34:49]} Nxe5 {[%clk 0:42:18]} 16. exf5 {[%clk 0:30:17]} Nxf5
{[%clk 0:41:11]} 17. Bc5 {[%clk 0:24:37]} Rg8 {[%clk 0:37:26]} 18. Bb3
{[%clk 0:15:16]} Bxb3 {[%clk 0:35:39]} 19. Nxb3 {[%clk 0:15:16]} b6
{[%clk 0:31:52]} 20. Bd4 {[%clk 0:09:40]} Nc4 {[%clk 0:27:28]} 21. Bxg7+
{[%clk 0:08:59]} Rxg7 {[%clk 0:27:36]} 22. Qxd8+ {[%clk 0:03:44]} Rxd8
{[%clk 0:28:05]} 23. Rf2 {[%clk 0:01:36]} Rgd7 {[%clk 0:23:48]} 24. Re1
{[%clk 0:01:48]} Rd1 {[%clk 0:22:14]} 25. Rxd1 {[%clk 0:01:15]} Rxd1+
{[%clk 0:22:42]} 26. Rf1 {[%clk 0:01:13]} Rxf1+ {[%clk 0:22:04]} 27. Kxf1
{[%clk 0:01:03]} Nxb2 {[%clk 0:22:24]} 28. Nd2 {[%clk 0:00:48]} Ne3+
{[%clk 0:21:14]} 29. Kg1 {[%clk 0:00:41]} Nec4 {[%clk 0:21:19]} 30. Nhf3
{[%clk 0:00:42]} Nxa3 {[%clk 0:21:11]} 31. Ne5 {[%clk 0:00:35]} Kg7
{[%clk 0:21:11]} 32. Ne4 {[%clk 0:00:40]} Nac4 {[%clk 0:20:53]} 33. Nc6
{[%clk 0:00:56]} a5 {[%clk 0:19:08]} 34. Kf2 {[%clk 0:01:00]} a4 {[%clk 0:18:52]}
35. Nb4 {[%clk 0:01:17]} a3 {[%clk 0:18:19]} 36. Na2 {[%clk 0:01:37]} Kf7
{[%clk 0:16:58]} 37. Ke2 {[%clk 0:01:55]} Ke6 {[%clk 0:16:58]} 38. g4
{[%clk 0:01:21]} Nd6 {[%clk 0:12:29]} 39. Nd2 c5 {[%clk 0:12:04]} 40. Nb3
{[%clk 0:31:07]} Ndc4 {[%clk 0:41:43]} 41. Na1 {[%clk 0:29:45]} Ke5
{[%clk 0:37:07]} 42. Kf3 {[%clk 0:29:11]} Nd2+ {[%clk 0:36:14]} 43. Ke3
{[%clk 0:27:49]} Nb1 {[%clk 0:34:29]} 44. Nb3 {[%clk 0:26:13]} c4
{[%clk 0:28:16]} 45. Nd2 Nxd2 {[%clk 0:23:41]} 46. Kxd2 {[%clk 0:19:30]} Kf4
{[%clk 0:23:55]} 47. Nb4 {[%clk 0:17:59]} Kg3 {[%clk 0:24:15]} 48. Kc2
{[%clk 0:18:16]} Kxh3 {[%clk 0:24:24]} 49. Nd5 {[%clk 0:18:14]} Na4
{[%clk 0:23:06]} 0-1

[Event "MP do lat 16 - dziewczeta"]
[Site "Sypniewo"]
[Date "2022.03.24"]
[Round "6.15"]
[White "Trybus, Dominika"]
[Black "Reszka, Barbara"]
[Result "1-0"]
[BlackElo "1156"]
[WhiteElo "1534"]
[LiveChessVersion "1.4.8"]

1. e4 {[%clk 1:30:59]} c5 {[%clk 1:30:48]} 2. Nf3 {[%clk 1:31:18]} e6
{[%clk 1:30:57]} 3. g3 {[%clk 1:30:53]} a6 {[%clk 1:30:38]} 4. Bg2
{[%clk 1:31:14]} Qc7 {[%clk 1:30:09]} 5. d3 {[%clk 1:27:25]} d6 {[%clk 1:30:17]}
6. c3 {[%clk 1:26:51]} b5 {[%clk 1:29:30]} 7. O-O {[%clk 1:26:10]} Bb7
{[%clk 1:29:32]} 8. Qe2 {[%clk 1:26:06]} Nd7 {[%clk 1:28:31]} 9. a4
{[%clk 1:21:29]} b4 {[%clk 1:23:00]} 10. cxb4 {[%clk 1:17:42]} cxb4
{[%clk 1:23:09]} 11. Be3 {[%clk 1:18:01]} a5 {[%clk 1:20:09]} 12. Rc1
{[%clk 1:17:34]} Qb8 {[%clk 1:18:48]} 13. Nd4 {[%clk 1:15:53]} Nc5
{[%clk 1:17:26]} 14. Nb5 {[%clk 1:13:50]} Ba6 {[%clk 1:12:52]} 15. Nxd6+
{[%clk 1:08:31]} Bxd6 {[%clk 1:04:09]} 16. Bxc5 {[%clk 1:08:05]} Bxc5
{[%clk 1:03:32]} 17. Rxc5 {[%clk 1:08:30]} Qd8 {[%clk 1:00:59]} 18. e5
{[%clk 1:08:22]} Bxd3 {[%clk 0:59:13]} 19. Bc6+ {[%clk 1:08:26]} Kf8
{[%clk 0:57:16]} 20. Qe3 {[%clk 1:04:54]} Rb8 {[%clk 0:54:16]} 21. Nd2
{[%clk 1:03:41]} Ne7 {[%clk 0:53:29]} 22. Nb3 {[%clk 0:58:54]} Nxc6
{[%clk 0:50:13]} 23. Rxc6 {[%clk 0:58:45]} Qd5 {[%clk 0:47:39]} 24. Rac1
{[%clk 0:57:15]} Rd8 {[%clk 0:45:09]} 25. Rc8 {[%clk 0:55:45]} Qd7
{[%clk 0:40:47]} 26. Rxd8+ {[%clk 0:55:23]} Qxd8 {[%clk 0:40:52]} 27. Rd1
{[%clk 0:55:36]} Ke7 {[%clk 0:39:40]} 28. Qxd3 {[%clk 0:55:36]} Qc7
{[%clk 0:39:36]} 29. Nxa5 {[%clk 0:53:30]} g6 {[%clk 0:38:05]} 30. Nc4
{[%clk 0:53:21]} Qc8 {[%clk 0:36:09]} 31. Qd6+ {[%clk 0:53:17]} Ke8
{[%clk 0:36:25]} 32. Qxb4 {[%clk 0:53:35]} Qa8 {[%clk 0:36:17]} 33. Qb5+
{[%clk 0:51:43]} Kf8 {[%clk 0:36:22]} 34. b4 {[%clk 0:51:38]} Kg7
{[%clk 0:36:42]} 35. a5 {[%clk 0:51:23]} Rb8 {[%clk 0:36:35]} 36. Nb6
{[%clk 0:51:28]} Qe4 {[%clk 0:36:43]} 37. Qc5 {[%clk 0:49:49]} Qe2
{[%clk 0:36:08]} 38. Qd4 {[%clk 0:49:06]} Qf3 {[%clk 0:36:04]} 39. Qd3
{[%clk 0:48:24]} Qc6 {[%clk 0:36:06]} 40. b5 {[%clk 1:18:27]} Qc7
{[%clk 1:06:18]} 41. Qe3 {[%clk 1:16:51]} Qc2 {[%clk 1:06:19]} 42. Rd2
{[%clk 1:16:52]} Qb1+ {[%clk 1:06:34]} 43. Kg2 {[%clk 1:16:50]} Qxb5
{[%clk 1:06:53]} 44. Qf4 {[%clk 1:15:34]} Qxa5 {[%clk 1:06:40]} 45. Nc4
{[%clk 1:14:50]} Qa8+ {[%clk 1:06:40]} 46. Qf3 {[%clk 1:14:02]} Qa6
{[%clk 1:06:24]} 47. Rd7 {[%clk 1:13:48]} Qxc4 {[%clk 1:06:23]} 48. Qxf7+
{[%clk 1:14:07]} Kh6 {[%clk 1:06:48]} 49. Qxh7+ {[%clk 1:14:25]} Kg5
{[%clk 1:07:12]} 50. h4+ {[%clk 1:10:04]} Kf5 51. Rf7+ Kxe5 {[%clk 1:07:25]} 52.
Qg7+ {[%clk 1:10:17]} Kd5 53. Rd7+ Ke4 {[%clk 1:06:57]} 54. Qxg6+
{[%clk 1:10:37]} Ke5 {[%clk 1:07:07]} 55. f4+ {[%clk 1:10:58]} 1-0

[Event "MP do lat 16 - dziewczeta"]
[Site "Sypniewo"]
[Date "2022.03.24"]
[Round "6.16"]
[White "Idzior, Izabela"]
[Black "Dallemura, Anna"]
[Result "0-1"]
[BlackElo "1518"]
[WhiteElo "1369"]
[LiveChessVersion "1.4.8"]

1. e4 {[%clk 1:30:58]} e5 {[%clk 1:30:51]} 2. Nf3 {[%clk 1:31:24]} Nc6
{[%clk 1:31:16]} 3. Bc4 {[%clk 1:31:48]} Bc5 {[%clk 1:31:35]} 4. c3
{[%clk 1:32:12]} Nf6 {[%clk 1:31:48]} 5. d4 {[%clk 1:32:31]} exd4
{[%clk 1:31:57]} 6. cxd4 {[%clk 1:32:53]} Bb4+ {[%clk 1:32:02]} 7. Bd2
{[%clk 1:33:12]} Bxd2+ {[%clk 1:32:04]} 8. Nbxd2 {[%clk 1:33:37]} d5
{[%clk 1:31:39]} 9. exd5 {[%clk 1:33:43]} Nxd5 {[%clk 1:31:50]} 10. Qb3
{[%clk 1:33:22]} Nce7 {[%clk 1:31:29]} 11. O-O {[%clk 1:32:11]} O-O
{[%clk 1:30:44]} 12. Rac1 {[%clk 1:27:07]} c6 {[%clk 1:28:20]} 13. Rfd1
{[%clk 1:22:49]} Nb6 {[%clk 1:25:00]} 14. Bf1 {[%clk 1:19:27]} h6
{[%clk 1:22:51]} 15. Ne4 {[%clk 1:13:02]} Be6 {[%clk 1:12:28]} 16. Qa3
{[%clk 1:11:54]} Nf5 {[%clk 1:05:50]} 17. Nc5 {[%clk 1:06:58]} Qe7
{[%clk 1:03:50]} 18. b3 {[%clk 1:01:35]} Rfd8 {[%clk 1:01:20]} 19. Qb2
{[%clk 1:00:07]} Rab8 {[%clk 0:52:38]} 20. g3 {[%clk 0:54:16]} Bd5
{[%clk 0:49:24]} 21. Ne1 {[%clk 0:47:07]} Qf6 {[%clk 0:48:40]} 22. Rd3
{[%clk 0:44:17]} Nd7 {[%clk 0:42:40]} 23. Qc3 {[%clk 0:33:27]} Nf8
{[%clk 0:34:38]} 24. Nc2 {[%clk 0:25:20]} Ne6 {[%clk 0:30:41]} 25. Rcd1
{[%clk 0:19:57]} b6 {[%clk 0:17:11]} 26. Na6 {[%clk 0:15:24]} Rbc8
{[%clk 0:17:35]} 27. f3 {[%clk 0:10:28]} Qg6 {[%clk 0:12:05]} 28. Bg2
{[%clk 0:06:18]} h5 {[%clk 0:11:21]} 29. Qe1 {[%clk 0:05:18]} Re8
{[%clk 0:10:46]} 30. Qf2 {[%clk 0:05:21]} Rcd8 {[%clk 0:09:22]} 31. Nab4
{[%clk 0:04:24]} a5 {[%clk 0:08:29]} 32. Nxd5 {[%clk 0:04:24]} Rxd5
{[%clk 0:08:57]} 33. f4 {[%clk 0:02:52]} Rd6 {[%clk 0:09:26]} 34. Na3
{[%clk 0:01:22]} b5 {[%clk 0:06:10]} 35. d5 {[%clk 0:01:24]} Red8
{[%clk 0:06:14]} 36. Qf3 {[%clk 0:00:51]} Nc5 {[%clk 0:05:11]} 37. R3d2
{[%clk 0:00:46]} R6d7 {[%clk 0:02:00]} 38. Qc3 {[%clk 0:00:49]} b4
{[%clk 0:01:08]} 39. Qxc5 {[%clk 0:01:00]} bxa3 {[%clk 0:01:36]} 40. Qxa3
{[%clk 0:31:05]} Ne3 {[%clk 0:31:51]} 41. Rc1 {[%clk 0:28:13]} Nxg2
{[%clk 0:31:18]} 42. Rxg2 {[%clk 0:24:54]} cxd5 {[%clk 0:31:10]} 43. Qxa5
{[%clk 0:21:59]} d4 {[%clk 0:29:34]} 44. Rd1 {[%clk 0:17:16]} d3 {[%clk 0:27:53]}
45. Rgd2 {[%clk 0:13:35]} Rd5 {[%clk 0:25:40]} 46. Qc3 {[%clk 0:12:31]} h4
{[%clk 0:24:40]} 47. Kf2 {[%clk 0:09:44]} h3 {[%clk 0:21:23]} 48. Re1
{[%clk 0:08:44]} Qb6+ {[%clk 0:20:22]} 49. Kf3 {[%clk 0:05:07]} Rc5
{[%clk 0:18:58]} 50. Qb2 {[%clk 0:04:33]} Qc6+ {[%clk 0:16:35]} 51. Kf2
{[%clk 0:03:05]} Qg2+ {[%clk 0:12:03]} 52. Ke3 {[%clk 0:03:30]} Re8+
{[%clk 0:12:16]} 53. Kd4 {[%clk 0:03:55]} Qd5# {[%clk 0:12:36]} 0-1

[Event "MP do lat 16 - dziewczeta"]
[Site "Sypniewo"]
[Date "2022.03.24"]
[Round "6.17"]
[White "Pastuszko, Katarzyna"]
[Black "Kicinska, Magdalena"]
[Result "1-0"]
[BlackElo "1436"]
[WhiteElo "1422"]
[LiveChessVersion "1.4.8"]

1. e4 {[%clk 1:30:46]} c6 {[%clk 1:30:56]} 2. d4 {[%clk 1:31:07]} d5
{[%clk 1:31:20]} 3. Nc3 {[%clk 1:31:21]} dxe4 {[%clk 1:31:41]} 4. Nxe4
{[%clk 1:31:26]} Nf6 {[%clk 1:31:44]} 5. Nxf6+ {[%clk 1:31:25]} exf6
{[%clk 1:32:07]} 6. Be3 {[%clk 1:31:01]} Bd6 {[%clk 1:31:57]} 7. Bd3
{[%clk 1:30:59]} O-O {[%clk 1:32:06]} 8. Ne2 {[%clk 1:30:41]} Re8
{[%clk 1:31:27]} 9. Qd2 {[%clk 1:29:51]} Nd7 {[%clk 1:30:47]} 10. O-O-O
{[%clk 1:28:09]} b5 {[%clk 1:30:37]} 11. h4 {[%clk 1:26:51]} Nb6 {[%clk 1:27:31]}
12. Nf4 {[%clk 1:20:39]} Nc4 {[%clk 1:22:28]} 13. Bxc4 {[%clk 1:13:32]} bxc4
{[%clk 1:22:51]} 14. Rdg1 {[%clk 0:58:32]} Qb6 {[%clk 1:18:52]} 15. a3
{[%clk 0:48:41]} Rb8 {[%clk 1:15:36]} 16. Qc3 {[%clk 0:44:03]} c5
{[%clk 0:45:37]} 17. dxc5 {[%clk 0:35:58]} Bxc5 {[%clk 0:44:08]} 18. Nd5
{[%clk 0:33:44]} Bxe3+ {[%clk 0:33:50]} 19. Nxe3 {[%clk 0:29:46]} Be6
{[%clk 0:31:42]} 20. g4 {[%clk 0:27:19]} Bd7 {[%clk 0:24:28]} 21. g5
{[%clk 0:21:30]} f5 {[%clk 0:24:04]} 22. h5 {[%clk 0:19:29]} f4 {[%clk 0:23:40]}
23. h6 {[%clk 0:17:52]} f6 {[%clk 0:21:10]} 24. Nxc4 {[%clk 0:13:24]} Qe6
{[%clk 0:18:59]} 25. gxf6 {[%clk 0:11:15]} g6 {[%clk 0:17:46]} 26. f7+
{[%clk 0:09:48]} Qxf7 {[%clk 0:18:11]} 27. Nd6 {[%clk 0:09:06]} Qf8
{[%clk 0:17:19]} 28. Rxg6+ {[%clk 0:08:02]} hxg6 {[%clk 0:17:42]} 29. h7#
{[%clk 0:08:21]} 1-0

[Event "MP do lat 16 - dziewczeta"]
[Site "Sypniewo"]
[Date "2022.03.24"]
[Round "6.18"]
[White "Walendykiewicz, Martyna"]
[Black "Nowak, Zuzanna"]
[Result "0-1"]
[BlackElo "1379"]
[WhiteElo "1224"]
[LiveChessVersion "1.4.8"]

1. e4 {[%clk 1:30:58]} e5 {[%clk 1:30:54]} 2. Nf3 {[%clk 1:31:23]} Nc6
{[%clk 1:31:18]} 3. Bc4 {[%clk 1:31:41]} Nf6 {[%clk 1:31:35]} 4. d3
{[%clk 1:31:57]} Bc5 {[%clk 1:31:50]} 5. O-O {[%clk 1:32:09]} O-O
{[%clk 1:29:28]} 6. c3 {[%clk 1:31:09]} d6 {[%clk 1:29:47]} 7. h3
{[%clk 1:30:30]} Bb6 {[%clk 1:20:16]} 8. Re1 {[%clk 1:27:07]} Re8
{[%clk 1:17:01]} 9. Nbd2 {[%clk 1:25:24]} Ne7 {[%clk 1:16:48]} 10. Ng5
{[%clk 1:22:17]} d5 {[%clk 1:15:52]} 11. exd5 {[%clk 1:21:18]} Nexd5
{[%clk 1:14:23]} 12. Qf3 {[%clk 1:19:43]} h6 {[%clk 1:11:05]} 13. Nge4
{[%clk 1:17:43]} c6 {[%clk 1:05:39]} 14. Nxf6+ {[%clk 1:17:19]} Qxf6
{[%clk 1:06:07]} 15. Bxd5 {[%clk 1:16:37]} cxd5 {[%clk 1:06:19]} 16. Qxf6
{[%clk 1:16:50]} gxf6 {[%clk 1:06:47]} 17. d4 {[%clk 1:14:43]} Kh7
{[%clk 1:02:31]} 18. Nb3 {[%clk 1:13:31]} Rg8 {[%clk 0:59:12]} 19. Kh1
{[%clk 1:12:55]} Bc7 {[%clk 0:55:13]} 20. dxe5 {[%clk 1:08:17]} fxe5
{[%clk 0:53:53]} 21. Rd1 {[%clk 1:08:29]} Rd8 {[%clk 0:54:20]} 22. Be3
{[%clk 1:08:10]} b6 {[%clk 0:54:23]} 23. Rf1 {[%clk 1:06:52]} Ba6
{[%clk 0:53:36]} 24. Rfd1 {[%clk 1:06:45]} Rd6 {[%clk 0:53:38]} 25. f3
{[%clk 1:06:03]} Rg8 {[%clk 0:49:57]} 26. Rg1 {[%clk 1:03:23]} Rdg6
{[%clk 0:47:46]} 27. Rad1 {[%clk 1:00:04]} Bb7 {[%clk 0:46:55]} 28. Nc1
{[%clk 0:58:22]} f5 {[%clk 0:44:18]} 29. Ne2 {[%clk 0:57:30]} f4 {[%clk 0:44:21]}
30. Bf2 {[%clk 0:57:17]} R8g7 {[%clk 0:44:07]} 31. b3 {[%clk 0:46:09]} Rg5
{[%clk 0:41:38]} 32. Kh2 {[%clk 0:45:24]} e4 {[%clk 0:40:15]} 33. Bd4
{[%clk 0:45:46]} R7g6 {[%clk 0:38:52]} 34. Rde1 {[%clk 0:45:40]} Ba6
{[%clk 0:37:59]} 35. Nc1 {[%clk 0:43:32]} Bb7 {[%clk 0:37:44]} 36. Ne2
{[%clk 0:42:09]} Rf5 {[%clk 0:32:50]} 37. Nc1 {[%clk 0:40:10]} Bd8
{[%clk 0:32:35]} 38. Rd1 {[%clk 0:37:14]} e3 {[%clk 0:28:12]} 39. c4
{[%clk 0:33:46]} Bh4 {[%clk 0:27:10]} 40. Bc3 {[%clk 1:03:27]} Bf2
{[%clk 0:56:01]} 41. Rgf1 {[%clk 1:01:21]} Rfg5 {[%clk 0:55:57]} 42. Ne2
{[%clk 1:01:39]} d4 {[%clk 0:45:42]} 43. Rxd4 {[%clk 0:59:10]} Rxg2+
{[%clk 0:46:00]} 44. Kh1 {[%clk 0:59:37]} Bxf3 {[%clk 0:46:12]} 45. Rd7+
{[%clk 0:59:36]} Kg8 {[%clk 0:46:36]} 46. Rd8+ {[%clk 0:59:46]} Kf7
{[%clk 0:47:05]} 47. Rd7+ {[%clk 0:59:28]} Ke8 {[%clk 0:47:25]} 48. Nxf4
{[%clk 0:53:11]} Rg1+ {[%clk 0:47:25]} 49. Kh2 {[%clk 0:53:37]} Rxf1
{[%clk 0:47:24]} 50. Re7+ {[%clk 0:53:27]} Kxe7 {[%clk 0:47:21]} 51. Nxg6+
{[%clk 0:53:51]} Kd8 {[%clk 0:47:49]} 52. Bf6+ {[%clk 0:53:41]} Ke8
{[%clk 0:48:04]} 53. Nh4 {[%clk 0:52:45]} Rh1# {[%clk 0:48:28]} 0-1